<?xml version='1.0' encoding='UTF-8'?>
  <record xmlns="http://www.loc.gov/MARC21/slim">
    <leader>00000cam a22000007i 4500</leader>
    <controlfield tag="001">ocn906558672</controlfield>
    <controlfield tag="003">OCoLC</controlfield>
    <controlfield tag="005">20250329094001.8</controlfield>
    <controlfield tag="008">961009s1681    ne            000 0 fry d</controlfield>
    <datafield tag="040" ind1=" " ind2=" ">
      <subfield code="a">NLGGC</subfield>
      <subfield code="b">dut</subfield>
      <subfield code="e">fobidrtb</subfield>
      <subfield code="c">NLGGC</subfield>
      <subfield code="d">OCLCO</subfield>
      <subfield code="d">OCLCL</subfield>
      <subfield code="d">OCLCQ</subfield>
    </datafield>
    <datafield tag="029" ind1="0" ind2=" ">
      <subfield code="a">NLGGC</subfield>
      <subfield code="b">152266585</subfield>
    </datafield>
    <datafield tag="035" ind1=" " ind2=" ">
      <subfield code="a">(OCoLC)906558672</subfield>
    </datafield>
    <datafield tag="050" ind1=" " ind2="4">
      <subfield code="a">PF1531.J35</subfield>
      <subfield code="b">F7 1681</subfield>
    </datafield>
    <datafield tag="100" ind1="1" ind2=" ">
      <subfield code="a">Japicx, Gysbert,</subfield>
      <subfield code="d">1603-1666.</subfield>
      <subfield code="1">https://id.oclc.org/worldcat/entity/E39PBJdGHxgrd6d7HwYkkvCCwC</subfield>
    </datafield>
    <datafield tag="245" ind1="1" ind2="0">
      <subfield code="a">Friesche rymlerye; in trye dielen forschaet ..</subfield>
    </datafield>
    <datafield tag="246" ind1="3" ind2=" ">
      <subfield code="a">Friesche rymlerye</subfield>
    </datafield>
    <datafield tag="250" ind1=" " ind2=" ">
      <subfield code="a">Dy oorde druwck, mei ien twaede diel forgraet.</subfield>
    </datafield>
    <datafield tag="260" ind1=" " ind2=" ">
      <subfield code="a">Leuward, :</subfield>
      <subfield code="b">K. Tjallings in G. Heegslag,</subfield>
      <subfield code="c">1681.</subfield>
    </datafield>
    <datafield tag="300" ind1=" " ind2=" ">
      <subfield code="a">2 dl. ;</subfield>
      <subfield code="c">in-8.</subfield>
    </datafield>
    <datafield tag="336" ind1=" " ind2=" ">
      <subfield code="a">tekst</subfield>
      <subfield code="b">txt</subfield>
      <subfield code="2">rdacontent/dut</subfield>
    </datafield>
    <datafield tag="337" ind1=" " ind2=" ">
      <subfield code="a">zonder medium</subfield>
      <subfield code="b">n</subfield>
      <subfield code="2">rdamedia/dut</subfield>
    </datafield>
    <datafield tag="338" ind1=" " ind2=" ">
      <subfield code="a">band</subfield>
      <subfield code="b">nc</subfield>
      <subfield code="2">rdacarrier/dut</subfield>
    </datafield>
    <datafield tag="500" ind1=" " ind2=" ">
      <subfield code="a">Dl. II met afz. titelblad: Het twaede diel ... ijn 't ljeuwgt gebragt trog Symen Aebbes Gaebbema.</subfield>
    </datafield>
    <datafield tag="500" ind1=" " ind2=" ">
      <subfield code="a">1e uitg.: 1668.</subfield>
    </datafield>
    <datafield tag="530" ind1=" " ind2=" ">
      <subfield code="a">Ook beschikbaar in microvorm.</subfield>
    </datafield>
    <datafield tag="700" ind1="1" ind2=" ">
      <subfield code="a">Gabbema, Simon Abbes,</subfield>
      <subfield code="d">1628-1688.</subfield>
      <subfield code="1">https://id.oclc.org/worldcat/entity/E39PBJtmmHY3GMmpGMcxW6wBfq</subfield>
    </datafield>
    <datafield tag="776" ind1="0" ind2=" ">
      <subfield code="t">Friesche rymlerye; in trye dielen forschaet ..</subfield>
      <subfield code="w">(NL-LeOCL)393486702</subfield>
    </datafield>
    <datafield tag="776" ind1="0" ind2=" ">
      <subfield code="t">Friesche rymlerye; in trye dielen forschaet ..</subfield>
      <subfield code="w">(NL-LeOCL)431743398</subfield>
    </datafield>
    <datafield tag="936" ind1=" " ind2=" ">
      <subfield code="a">BATCHLOAD</subfield>
    </datafield>
  </record>